[Event "Bucharest Grand Prix"]
[Site "Bucharest"]
[Date "2023.04.29"]
[Round "1"]
[White "Grigoras, Alexandru Nicolae"]
[Black "Iordachescu, Viorel"]
[Result "1-0"]
[WhiteElo "1493"]
[BlackElo "2584"]
[PlyCount "129"]
[EventDate "2023.04.29"]
[EventType "swiss (rapid)"]
[EventRounds "10"]
[EventCountry "ROU"]
[SourceTitle "CBM 213 Extra"]
[Source "ChessBase"]
[SourceDate "2023.05.31"]
[SourceVersion "1"]
[SourceVersionDate "2023.05.31"]
[SourceQuality "1"]

1. d4 Nf6 2. Nf3 e6 3. h3 c5 4. c3 b6 5. Bf4 Bb7 6. e3 Be7 7. Be2 0-0 8. 0-0 d6 9. Nbd2 Nbd7 10. Bh2 Qc7 11. Rc1 Rfd8 12. Qb3 Rac8 13. a4 cxd4 14. exd4 a6 15. Qd1 Nf8 16. Re1 Ng6 17. Bd3 Nd5 18. Nf1 Qd7 19. Bc2 b5 20. axb5 axb5 21. Bb3 Nb6 22. Ne3 Nc4 23. Nxc4 bxc4 24. Bc2 Rb8 25. Rb1 Bd5 26. Be4 Qc6 27. Bxd5 Qxd5 28. Qe2 Rdc8 29. Qe4 Qxe4 30. Rxe4 Rb5 31. Re2 Ra8 32. Bg3 h5 33. Bh2 Ra2 34. g4 Kf8 35. gxh5 Rxh5 36. Kg2 Rb5 37. Bg3 Ke8 38. Kf1 Kd7 39. Rc2 f5 40. Nd2 f4 41. Bh2 Rh5 42. Nxc4 Rxh3 43. Kg2 Rh5 44. Bg1 Rg5+ 45. Kf1 Nh4 46. Nd2 Rb5 47. Ke2 g5 48. Bh2 Ra8 49. b4 d5 50. Nb3 Nf5 51. Nc5+ Bxc5 52. dxc5 e5 53. f3 Kc6 54. Bg1 Rb7 55. c4 dxc4 56. Rxc4 Ra2+ 57. Ke1 Kb5 58. c6 Rb8 59. Rc5+ Ka6 60. b5+ Ka5 61. b6+ Ka6 62. c7 Rh8 63. c8Q+ Rxc8 64. Rxc8 Nh4 65. Ra8+ 1-0

[Event "Bucharest Super Rapid op"]
[Site "Bucharest"]
[Date "2022.04.30"]
[Round "1"]
[White "Soltanici, Ruslan"]
[Black "Grigoras, Alexandru Nicolae"]
[Result "1-0"]
[WhiteElo "2379"]
[BlackElo "1358"]
[PlyCount "75"]
[EventDate "2022.04.30"]
[EventType "swiss (rapid)"]
[EventRounds "10"]
[EventCountry "ROU"]
[SourceTitle "CBM 208 Extra"]
[Source "ChessBase"]
[SourceDate "2022.07.31"]
[SourceVersion "1"]
[SourceVersionDate "2022.07.31"]
[SourceQuality "1"]

1. e4 c6 2. c4 d5 3. exd5 cxd5 4. cxd5 Qxd5 5. Nc3 Qd8 6. d4 e6 7. Nf3 Nf6 8. Bd3 Be7 9. 0-0 0-0 10. Re1 a6 11. Bg5 Nbd7 12. Qe2 Nb6 13. Rad1 Nbd5 14. Ne5 Nxc3 15. bxc3 Nd5 16. Bd2 Bg5 17. c4 Bxd2 18. Qxd2 Ne7 19. Qf4 Ng6 20. Bxg6 fxg6 21. Qe3 Qc7 22. c5 b5 23. Qb3 Ra7 24. f3 Kh8 25. a4 bxa4 26. Qxa4 a5 27. Nc4 Bd7 28. Qa3 Rb8 29. Nb6 h6 30. d5 exd5 31. Rxd5 Rxb6 32. cxb6 Qxb6+ 33. Kh1 Bf5 34. Qf8+ Kh7 35. Rd8 g5 36. Qxf5+ g6 37. Rd7+ Rxd7 38. Qxd7+ 1-0